000 00242nam a2200085Ia 4500
245 0 _a501 recipes for a low-carb life
100 _a GILLESPIE, Gregg R. New York, 2003
_9102828
942 _cBK
008 210818s9999 xx 000 0 und d
999 _c449443
_d449442